000 00793nam a2200253Ia 4500
003 BUBTL
008 151213s9999 xx 000 0 und d
020 _a8131715213
041 _aEnglish
082 _a658.049/ D2281i/ 2007
_b
100 _aDaniels, John D.
245 _aInternational Business / Environments and Operations:
_cJohn D. Daniels , Lee H. Radebaugh & Daniel P. Sullivan
250 _a11th
260 _aIndia
_bPearson Education
_cc2007
300 _a[xxxviii],778 . :
_bill. Graph ,Maps ; 24 cm .
_c
500 _aIncludes Index .
526 _aBBA, MBA
650 _aBusiness
650 _a
700 _aJohn D. Daniels , Lu H. Radebaugh & Daniel P. Sullivan
_95510
856 _k0
_l0
_yDownload
942 _2ddc
_cBK
999 _c3380
_d3380